GANITAPANCAVIMSI-INTRODUCTION, ENGLISH TRANSLATION WITH EDITED SANSKRIT TEXT (Record no. 9052)

MARC details
000 -LEADER
fixed length control field 00472nam a22001577a 4500
005 - DATE AND TIME OF LATEST TRANSACTION
control field 20260228121109.0
008 - FIXED-LENGTH DATA ELEMENTS--GENERAL INFORMATION
fixed length control field 260227b |||||||| |||| 00| 0 eng d
041 ## - LANGUAGE CODE
Language code of text/sound track or separate title eng
082 ## - DEWEY DECIMAL CLASSIFICATION NUMBER
Classification number 510.954 SHU-G
100 ## - MAIN ENTRY--AUTHOR NAME
Personal name SHUKLA, KRIPA SHANKAR
245 ## - TITLE STATEMENT
Title GANITAPANCAVIMSI-INTRODUCTION, ENGLISH TRANSLATION WITH EDITED SANSKRIT TEXT
260 ## - PUBLICATION, DISTRIBUTION, ETC. (IMPRINT)
Place of publication NEW DELHI
Name of publisher INDIAN NATIONAL SCIENCE ACADEMY
Year of publication 2017
300 ## - PHYSICAL DESCRIPTION
Number of Pages 22;P
650 ## - SUBJECT ADDED ENTRY--TOPICAL TERM
Topical Term BHARTIYA GYAN PRAMPARA
942 ## - ADDED ENTRY ELEMENTS (KOHA)
Koha item type Books
Holdings
Lost status Damaged status Collection code Home library Current library Shelving location Date acquired Source of acquisition Cost, normal purchase price Full call number Accession Number Koha item type
    BHARTIYA GYAN PARAMPARA JRU Library JRU Library KAUTILYA BOOK SANGRAH 27/02/2026 PURCHASE 100.00 510.954 29290 Books